Logo BPK

Bibliografia Prac Pracowników

Politechniki Koszalińskiej

Kondycjonowanie osadu nadmiernego przed odwadnianiem na poletkach filtracyjnych = (Rekord nr 6278)

Szczegóły MARC
000 -ETYKIETA REKORDU
podpole kontrolne o stałej długości 01115nab a2200241 i 4500
001 - NUMER KONTROLNY REKORDU
podpole kontrolne BPP
003 - IDENTYFIKATOR NUMERU KONTROLNEGO REKORDU
podpole kontrolne BPK
005 - DATA OSTATNIEJ MODYFIKACJI REKORDU
podpole kontrolne 20180411103918.0
008 - POLE O STAŁEJ DŁUGOŚCI - DANE KONTROLNE
podpole kontrolne o stałej długości 150128s2001 pl | | |000 ||pol
040 ## - ŹRÓDŁO KATALOGOWANIA
Instytucja, która utworzyła rekord BPK
041 ## - KOD JĘZYKA
Kod języka tekstu pol
Kod języka streszczenia lub abstraktu eng
084 ## - NUMER INNEJ KLASYFIKACJI
Numer klasyfikacji 628.3
100 ## - NAZWA OSOBOWA
Nazwa osobowa MALEJ, Józef.
Lata pracy 1996 - 2003.
Instytucja Politechnika Koszalińska - Wydział Budownictwa i Inżynierii Środowiska,
Wydział Katedra Technologii Wody i Ścieków
245 ## - TYTUŁ/ODPOWIEDZIALNOŚĆ
Tytuł Kondycjonowanie osadu nadmiernego przed odwadnianiem na poletkach filtracyjnych =
Ciąg dalszy tytułu Conditionong of excess sludge before dewatering on filtratin beds /
Pozostałe elementy strefy tytułu i oznaczenia odpowiedzialności Józef Malej, Agnieszka Czywiel.
260 ## - STREFA ADRESU WYDAWNICZEGO
Data publikacji, dystrybucji/powstania dokumentu 2001.
500 ## - UWAGI OGÓLNE
Tekst uwagi Dane z autopsji.
520 ## - UWAGA DOTYCZĄCA TREŚCI DOKUMENTU
Analiza dokumentacyjna, adnotacja itp. W niniejszej pracy przedstawiono sposoby odwadniania osadów zastosowane w poszczególnych analizowanych oczyszczalni mechaniczno-biologicznych.
650 #0 - HASŁO PRZEDMIOTOWE W FORMIE NAZWY OGÓLNEJ LUB JEDNOSTKOWEJ
Nazwa ogólna lub geograficzna Osady ściekowe.
650 #0 - HASŁO PRZEDMIOTOWE W FORMIE NAZWY OGÓLNEJ LUB JEDNOSTKOWEJ
Nazwa ogólna lub geograficzna Oczyszczalnia ścieków biologiczna.
650 #0 - HASŁO PRZEDMIOTOWE W FORMIE NAZWY OGÓLNEJ LUB JEDNOSTKOWEJ
Nazwa ogólna lub geograficzna Filtracja.
773 ## - TYTUŁ DOKUMENTU MACIERZYSTEGO
Wyrażenie wprowadzające W :
Tytuł Zeszyty Naukowe Politechniki Białostockiej : Inżynieria Środowiska. -
Informacje dotyczące relacji 2001, z. 15, s. 293-300.
Strefa serii Nauki techniczne ; nr 142
942 ## - HASŁO DODATKOWE - ELEMENTY(KOHA)
Typ dokumentu Artykuł
Schemat klasyfikacji Uniwersalna klasyfikacja dziesiętna
Egzemplarze
Wycofany Zagubiony Uszkodzony Dostępność Lokalizacja stała Lokalizacja bieżąca Sygnatura Typ dokumentu
      Dostępny Bibliografia Prac Pracowników - BPK Bibliografia Prac Pracowników - BPK 086 Artykuł
© 2014 Biblioteka Politechniki Koszalińskiej :: BIBLIOGRAFIA PRAC PRACOWNIKÓW